000
00267nam a2200121 i 4500
001
bg
245
0
_a
Who's in Science in Europe.Vol.1-4.
260
_a
Guernsey,
_c
1978.
040
_c
BPK
041
_a
pol
942
_c
KS
008
s pl f |000 0 pol
999
_c
47190
_d
47190